Histoire de la psychologie (notice n° 1928887)
[ vue normale ]
| 000 -LEADER | |
|---|---|
| fixed length control field | 00931cam a2200145 4500500 |
| 005 - DATE AND TIME OF LATEST TRANSACTION | |
| control field | 20260329023707.0 |
| 041 ## - LANGUAGE CODE | |
| Language code of text/sound track or separate title | fre |
| 042 ## - AUTHENTICATION CODE | |
| Authentication code | dc |
| 100 10 - MAIN ENTRY--PERSONAL NAME | |
| Personal name | Braunstein, Jean-François |
| Relator term | author |
| 245 00 - TITLE STATEMENT | |
| Title | Histoire de la psychologie |
| 260 ## - PUBLICATION, DISTRIBUTION, ETC. | |
| Name of publisher, distributor, etc. | Dunod,<br/> |
| Date of publication, distribution, etc. | 2025.<br/> |
| 520 ## - SUMMARY, ETC. | |
| Summary, etc. | Cet ouvrage offre un travail de fond sur la genèse et les développements de la psychologie, tout en accordant autant d'importance à la psychologie « dynamique » qu'à la psychologie « scientifique ».Il présente les principales étapes de l'histoire de cette discipline encore jeune, qui a conquis son autonomie à la fin du XIXe siècle tout en se situant dans la continuité de toute une tradition de pensée occidentale elle-même ancrée dans l'Antiquité gréco-romaine. |
| 700 10 - ADDED ENTRY--PERSONAL NAME | |
| Personal name | Pewzner-Apeloig, Évelyne |
| Relator term | author |
| 856 41 - ELECTRONIC LOCATION AND ACCESS | |
| Uniform Resource Identifier | <a href="https://shs.cairn.info/histoire-de-la-psychologie--9782100879434?lang=fr&redirect-ssocas=7080">https://shs.cairn.info/histoire-de-la-psychologie--9782100879434?lang=fr&redirect-ssocas=7080</a> |
Pas d'exemplaire disponible.




Réseaux sociaux